| 000 | 01715nam0a2200397 4500 | ||
|---|---|---|---|
| 001 | RU\NLR\BIBL_A\022243931 | ||
| 005 | 20240716114627.0 | ||
| 010 |
_a978-5-17-161012-8 _94000 |
||
| 021 |
_aRU _bКН-П-24-023904 _9КН-П-24-2468 |
||
| 035 | _a(NLR Aleph) 022243931 | ||
| 090 |
_a13168797 _c13168797 |
||
| 100 | _a20240605d2024 u y0rusy50 ca | ||
| 101 | 0 | _arus | |
| 102 | _aRU | ||
| 105 | _ay z 000yy | ||
| 181 | 0 |
_ai4 _baxxe |
|
| 182 | 0 | _an | |
| 200 | 1 |
_aОпыт запредельного _fЕ. А. Торчинов |
|
| 203 |
_aТекст _bвизуальный _cнепосредственный |
||
| 210 |
_aМосква _cАСТ _d2024 |
||
| 215 |
_a733 с. _d18 |
||
| 225 | 1 | _aСерия "Эксклюзив. Русская классика" | |
| 225 | 1 | _aРусская классика | |
| 225 | 1 | _aКниги, изменившие мир. Писатели, объединившие поколения | |
| 300 | _aНа 4-й с. обл. авт.: Е. А. Торчинов, кандидат ист. и филос. наук, религиовед, синолог, антрополог и культуролог, переводчик с китайского | ||
| 320 | _aБиблиогр. в подстроч. примеч. | ||
| 333 | _a16+ | ||
| 606 | 1 |
_aПсихология религии _2nlr_sh2 _3RU\NLR\AUTH\6601569077 |
|
| 606 | 1 |
_aРелигиоведение _2nlr_sh1 _2nlr_sh2 _3RU\NLR\AUTH\66954339 |
|
| 686 | 1 | _aЭ210.2 | |
| 686 | 1 | _aЭ2,0 | |
| 700 | 1 |
_aТорчинов _bЕ. А. _f1956-2003 _gЕвгений Алексеевич _3RU\NLR\AUTH\7749195 |
|
| 942 | _cBOOK | ||
| 980 | _aNB | ||